[Event "TCh-AUT 2nd Bundesliga Ost 2008-9"]
[Site "Austria AUT"]
[Date "2009.03.01"]
[Round "9"]
[White "Weissenbeck,M"]
[Black "Wukits,R"]
[Result "0-1"]
[WhiteElo "2279"]
[BlackElo "2318"]

1.d4 Nf6 2.Nf3 c5 3.d5 e6 4.c4 exd5 5.cxd5 d6 6.Nc3 g6 7.h3 Bg7 8.e4 a6 9.a4 O-O
10.Bd3 Nh5 11.O-O Nd7 12.Bg5 Bf6 13.Bh6 Re8 14.Qc2 Rb8 15.Rae1 Bg7 16.Be3 Qc7
17.Nd2 Bd4 18.Bxd4 cxd4 19.Ne2 Qb6 20.Nc4 Qc5 21.Rb1 Qb4 22.Nxd4 Ne5 23.Nxe5 Qxd4
24.Nf3 Qf6 25.Qc3 Qf4 26.Bc2 Bd7 27.Rfc1 Rbc8 28.Qd2 Qf6 29.e5 dxe5 30.Ng5 Qf4
31.Qe3 Rc7 32.Bb3 Rcc8 33.Rxc8 Rxc8 34.Rd1 Kg7 35.Ne4 Qxe3 36.fxe3 f5 37.Ng5 Nf6
38.a5 h6 39.Nf3 e4 40.Ne5 Rc5 41.Nxd7 Nxd7 42.Ba4 Ne5 43.b4 Rc8 44.d6 Nd3
45.Rb1 Kf6 46.b5 axb5 47.d7 Ra8 48.Rxb5 Ke7 49.Rd5 Kd8 50.g4 fxg4 51.hxg4 b6
52.Kg2 Rxa5 53.Bb5 Nb4 54.Re5 Nc6 55.Re8+ Kxd7 56.Bxc6+ Kxc6 57.Re6+ Kb7
58.Rxg6 Rg5 59.Rxh6 Rxg4+ 60.Kh3 Rg7 61.Re6 b5 62.Rxe4 Kc6 63.Re6+ Kc5 64.Re8 b4
65.e4 b3 66.Rb8 Kc4 67.e5 Rg6 68.Rc8+ Kd5 69.Rc1 Kd4 70.Re1 b2 71.e6 Kc3
72.e7 Rg8 73.Re3+ Kd2 74.Rg3 Rh8+  0-1

[Event "TCh-HUN 2008-9"]
[Site "Budapest HUN"]
[Date "2009.03.01"]
[Round "9"]
[White "Ilincic,Z"]
[Black "Szuk,B"]
[Result "1/2-1/2"]
[WhiteElo "2542"]
[BlackElo "2416"]

1.d4 Nf6 2.c4 c5 3.d5 e6 4.Nc3 exd5 5.cxd5 d6 6.Nf3 g6 7.g3 Bg7 8.Bg2 O-O
9.O-O Nbd7 10.Nd2 Nh5 11.Nce4 Ne5 12.Nf3 Re8 13.Bg5 Qd7 14.Nxe5 Bxe5 15.Qd2 f5
16.Nc3 b5 17.a3 a5 18.e4 b4 19.axb4 cxb4 20.Na4 Rb8 21.exf5 Qxf5 22.Be3 Ba6
23.Rfd1 Rbc8 24.Rac1 Rxc1 25.Rxc1 Bb5 26.Nb6 Qf6 27.b3 Qd8 28.Bh3 Nf6 29.Be6+ Kg7
30.Nc8 Ne4 31.Bh6+ Kh8 32.Qe3 Nc3 33.Bg5 Qc7 34.Re1 Qg7 35.Bh6 Qf6 36.Bg5 Qg7
37.Bh6 Qf6 38.Bg5  1/2-1/2

[Event "TCh-BEL 2008-9"]
[Site "Belgium BEL"]
[Date "2009.03.08"]
[Round "10"]
[White "Siebrecht,S"]
[Black "Ringoir,T"]
[Result "1/2-1/2"]
[WhiteElo "2451"]
[BlackElo "2354"]

1.d4 Nf6 2.Nf3 e6 3.c4 c5 4.d5 exd5 5.cxd5 d6 6.Nc3 g6 7.g3 Bg7 8.Bg2 O-O
9.O-O a6 10.a4 Nbd7 11.Nd2 Nh5 12.Nc4 Ne5 13.Ne3 Re8 14.Re1 Qc7 15.a5 f5
16.f4 Nd7 17.Nc4 Ndf6 18.Qd3 Bd7 19.Nb6 Rad8 20.Bd2 Re7 21.Rac1 Rde8 22.e3 Ng4
23.h3 Nxe3 24.Bxe3 Rxe3 25.Rxe3 Rxe3 26.Qxe3 Bd4 27.Qxd4 cxd4 28.Ne2 Qd8
29.Nxd4 Ng7 30.Ne6 Nxe6 31.dxe6 Bxe6 32.Bxb7 Qf6 33.Rd1 Qxb2 34.Rxd6 Bf7
35.Nd7 Qa1+ 36.Kh2 Bc4 37.Ne5 Qb2+ 38.Kg1 Qa1+ 39.Kh2 Qb2+  1/2-1/2

[Event "FSGM March"]
[Site "Budapest HUN"]
[Date "2009.03.16"]
[Round "10"]
[White "Nguyen Huynh Minh Huy"]
[Black "Balog,I1"]
[Result "1-0"]
[WhiteElo "2465"]
[BlackElo "2431"]

1.d4 e6 2.Nf3 Nf6 3.c4 c5 4.d5 exd5 5.cxd5 d6 6.Nc3 g6 7.h3 Bg7 8.e4 O-O
9.Bd3 a6 10.a4 Re8 11.O-O Nbd7 12.Bf4 Qe7 13.Re1 Qf8 14.Bh2 Nh5 15.Be2 Bh6
16.Nd2 Nf4 17.Nc4 Rb8 18.Bf1 b5 19.axb5 axb5 20.Na5 c4 21.Nc6 Rb7 22.Ra5 Ne5
23.Rxb5 Nfd3 24.Bxd3 Nxd3 25.Re2 Bg7 26.Qa4 Bxc3 27.bxc3 Qh6 28.Bxd6 Rd7
29.Bg3 Qc1+ 30.Kh2 Qf1 31.Nd4 f5 32.d6 fxe4 33.Qxc4+ Rf7 34.Ra2 Kg7 35.Rba5 e3
36.Ra1 e2 37.Qxd3 Rxf2 38.Bxf2 Qxf2 39.Ra7+ Kh6 40.Qg3  1-0

[Event "3rd Georgi Agzamov Mem"]
[Site "Tashkent AZE"]
[Date "2009.03.17"]
[Round "2"]
[White "Sattarov,F"]
[Black "Kasimdzhanov,R"]
[Result "1/2-1/2"]
[WhiteElo "2330"]
[BlackElo "2687"]

1.d4 Nf6 2.c4 e6 3.Nf3 c5 4.d5 d6 5.Nc3 exd5 6.cxd5 g6 7.e4 a6 8.Bd3 b5 9.h3 Bg7
10.O-O O-O 11.Bf4 Re8 12.Re1 Ra7 13.a3 c4 14.Bc2 Rae7 15.Qd2 Qb6 16.Be3 Qc7
17.Bh6 Nfd7 18.Bxg7 Kxg7 19.Nd4 Qc5 20.b4 cxb3 21.Nxb3 Qa7 22.a4 b4 23.Ne2 Nf6
24.Ng3 a5 25.Nd4 Re5 26.Nf3 R5e7 27.Nd4 h6 28.Re3 Re5 29.Nf3 R5e7 30.Nd4 Re5  1/2-1/2

[Event "10th Dos Hermanas Internet"]
[Site "ICC INT"]
[Date "2009.03.20"]
[Round "1.1"]
[White "Sargissian,G"]
[Black "Perez Ponsa,F"]
[Result "1-0"]
[WhiteElo "2678"]
[BlackElo "2390"]

1.d4 Nf6 2.c4 c5 3.d5 e6 4.Nf3 exd5 5.cxd5 d6 6.Nc3 g6 7.h3 Bg7 8.e4 O-O
9.Bd3 b5 10.Nxb5 Re8 11.O-O Nxe4 12.Re1 a6 13.Na3 Nf6 14.Rxe8+ Nxe8 15.Bg5 Qc7
16.Qa4 Nd7 17.Re1 Nef6 18.Qc6 Ra7 19.Nc4 Bf8 20.Bf4 Qxc6 21.dxc6 Nb8 22.Nxd6 Be6
23.Ne4 Nxe4 24.Bxe4 Nxc6 25.Bxc6 Bxa2 26.Re8 Kg7 27.Be5+ f6 28.Bxf6+ Kf7
29.Bc3 h6 30.Ne5+ Kg8 31.Nd7  1-0

[Event "TCh-BEL 2008-9"]
[Site "Belgium BEL"]
[Date "2009.03.22"]
[Round "11"]
[White "Grodent,G"]
[Black "Jens,J"]
[Result "0-1"]
[WhiteElo "2056"]
[BlackElo "2379"]

1.d4 Nf6 2.c4 e6 3.Nf3 c5 4.d5 d6 5.Nc3 exd5 6.cxd5 g6 7.e4 a6 8.a4 Bg4 9.Be2 Bxf3
10.Bxf3 Bg7 11.O-O Nbd7 12.Be3 O-O 13.h3 Ne8 14.Qd2 Nc7 15.Be2 Re8 16.Bd3 Rb8
17.Bg5 Qc8 18.a5 b5 19.axb6 Rxb6 20.Ra2 Qb7 21.Rfa1 Rb8 22.Rb1 Rb3 23.Nd1 Ne5
24.Be2 Rb4 25.Qc2 Nb5 26.Bxb5 Qxb5 27.Bd2 Nd3 28.Bc3 Rxe4 29.Ra5 Qc4 30.Ne3 Rxe3
31.fxe3 Bxc3 32.Ra3 Qxd5 33.Rxc3 Nb4 34.Qe2 Qe5 35.Rd1 Re8 36.Rd2 Re6 37.Qf3 Kf8
38.Rc1 Kg7 39.Rf1 Re7 40.Qf4 Qxf4 41.Rxf4 d5 42.Kf2 Re5 43.g4 h5 44.Kf3 f6
45.Kf2 Kf7 46.Kf3 Ke6 47.Kf2 g5 48.Rf3 hxg4 49.hxg4 Re4 50.Kg3 Kf7 51.Rdf2 Re6
52.Rd2 Kg7 53.Kf2 a5 54.Rh3 Re4 55.Kf3 f5 56.Rg2 Nd3  0-1

[Event "TCh-BEL 2008-9"]
[Site "Belgium BEL"]
[Date "2009.03.22"]
[Round "11"]
[White "Goormachtigh,J"]
[Black "Laurent,Ju"]
[Result "1/2-1/2"]
[WhiteElo "2242"]
[BlackElo "2337"]

1.d4 Nf6 2.c4 e6 3.Nf3 c5 4.d5 exd5 5.cxd5 d6 6.Nc3 g6 7.h3 Bg7 8.e4 O-O
9.Bd3 Na6 10.O-O Nc7 11.a4 Nfe8 12.Re1 Kh8 13.Qb3 f6 14.Bd2 Rb8 15.Qa3 b6
16.Rab1 Ba6 17.Nb5 Qd7 18.b4 Nxb5 19.axb5 Bc8 20.Bc3 Rb7 21.Qb2 Nc7 22.Qe2 Re8
23.Qb2 Rf8 24.Qe2 f5 25.Bxg7+ Qxg7 26.bxc5 bxc5 27.Ng5 h6 28.Ne6 Nxe6 29.dxe6 Bxe6
30.exf5 Bxf5 31.Rbd1 Bxd3 32.Rxd3 Rd7 33.Qd2 Rfd8 34.Rd5 c4 35.Re6 c3 36.Qc2 Kh7
37.Re3 Rc8 38.Rdd3 d5 39.Rxc3 Rxc3 40.Rxc3 d4 41.Rg3 Rd6 42.Qc5 Rd7 43.Rd3 Qf6
44.Qc6 Qe7 45.g3 Rd6 46.Qf3 Kg7 47.Qf4 g5 48.Qg4 Qe5 49.h4 Kg6 50.hxg5 hxg5
51.f4 Qf5 52.Qxf5+ Kxf5 53.Kf2 Ke4 54.Ra3 gxf4 55.gxf4 Rd7 56.Ke2 Rh7 57.Ra6 Rh2+
58.Kd1 Ke3 59.Rxa7 Rh1+ 60.Kc2 d3+ 61.Kc3 Rc1+ 62.Kb4 d2 63.Rd7 d1=Q 64.Rxd1 Rxd1
65.Kc5 Kxf4 66.b6 Ke5 67.b7 Rd8 68.Kc6  1/2-1/2

[Event "Copa Ajedrez Plus"]
[Site "Ramos Mejia ARG"]
[Date "2009.03.22"]
[Round "11"]
[White "Quiroga,F"]
[Black "Daneri,M"]
[Result "1-0"]
[WhiteElo "2329"]
[BlackElo "2149"]

1.d4 Nf6 2.c4 e6 3.Nc3 c5 4.d5 exd5 5.cxd5 d6 6.Nf3 g6 7.e4 a6 8.a4 Bg4 9.Be2 Bxf3
10.Bxf3 Nbd7 11.O-O Bg7 12.Bf4 Qe7 13.Qd2 O-O 14.Bh6 Rfe8 15.Bxg7 Kxg7 16.g3 c4
17.Bg2 Nc5 18.Rae1 Rab8 19.f4 b5 20.axb5 axb5 21.e5 Nfd7 22.Bh3 Nd3 23.e6 Nf6
24.Re2 b4 25.Ne4 Nxd5 26.exf7 Qxf7 27.f5 Qa7+ 28.Kh1 Qd4 29.f6+ Kh8 30.Qh6 Qa7
31.f7 Rf8 32.Ng5  1-0

[Event "11th Rector Cup Match of Champions"]
[Site "Kharkov UKR"]
[Date "2009.03.27"]
[Round "2"]
[White "Moiseenko,A1"]
[Black "Miroshnichenko,E"]
[Result "1/2-1/2"]
[WhiteElo "2676"]
[BlackElo "2667"]

1.d4 Nf6 2.c4 e6 3.Nf3 c5 4.d5 d6 5.Nc3 exd5 6.cxd5 g6 7.g3 Bg7 8.Bg2 O-O
9.O-O Re8 10.Bf4 Ne4 11.Nxe4 Rxe4 12.Nd2 Rb4 13.a3 Rxb2 14.Nc4 Rb6 15.Nxb6 axb6
16.Ra2 b5 17.Qd2 Na6 18.Rb1 Nc7 19.e4 Qf8 20.Re1 Ra4 21.e5 dxe5 22.Bxe5 Bxe5
23.Rxe5 Rd4 24.Qc1 Qd6 25.Re1 Nxd5 26.Re8+ Kg7 27.Rxc8 Ne7 28.Rxc5 Rd1+ 29.Bf1 Rxc1
30.Rxc1 Nf5 31.Bg2 b6 32.h4  1/2-1/2

[Event "Battle of the GMs"]
[Site "Dapitan PHI"]
[Date "2009.03.29"]
[Round "9"]
[White "Gomez,Joh"]
[Black "Antonio,R"]
[Result "0-1"]
[WhiteElo "2539"]
[BlackElo "2519"]

1.d4 Nf6 2.c4 e6 3.Nf3 c5 4.d5 exd5 5.cxd5 d6 6.Nc3 g6 7.e4 a6 8.a4 Bg4 9.Qb3 Bxf3
10.Qxb7 Nbd7 11.gxf3 Bg7 12.Qc6 Ke7 13.a5 Re8 14.Bf4 Qb8 15.Bxa6 Nh5 16.Bd2 Ne5
17.Qb7+ Kf8 18.Ke2 Qd8 19.f4 Rb8 20.fxe5 Rxb7 21.Bxb7 Qh4 22.a6 Bxe5 23.f3 Nf4+
24.Bxf4 Qxf4 25.a7 Bd4 26.Nd1 f5 27.Bc6 fxe4 28.Bxe8 exf3+ 29.Kd3 c4+ 30.Kc2 Qe4+
31.Kc1 Be5 32.Bxg6 Bf4+ 33.Ne3 Bxe3+ 34.Kd1 Qxd5+ 35.Kc2 Qd2+ 36.Kb1 Bxa7
37.Rxa7 hxg6 38.Ra3 Qg2 39.Rd1 f2 40.Rxd6 f1=Q+ 41.Ka2 Qgh1  0-1

[Event "47th Doeberl Cup Premier"]
[Site "Canberra AUS"]
[Date "2009.04.11"]
[Round "6"]
[White "Karavade,E"]
[Black "Rathnakaran,K"]
[Result "1/2-1/2"]
[WhiteElo "2359"]
[BlackElo "2427"]

1.d4 Nf6 2.c4 c5 3.d5 e6 4.Nc3 exd5 5.cxd5 d6 6.Nf3 g6 7.h3 Bg7 8.e4 O-O
9.Bd3 a6 10.a4 Nbd7 11.O-O Rb8 12.Bf4 Ne8 13.Re1 Qe7 14.Bh2 Ne5 15.Nxe5 dxe5
16.a5 Nd6 17.Na4 c4 18.Bf1 f5 19.exf5 gxf5 20.Nb6 f4 21.Nxc4 Nxc4 22.Bxc4 Kh8
23.d6 Qd8 24.Qd5 b5 25.axb6 Rxb6 26.Rad1 Bb7 27.Qe6 Bc8 28.Qd5 Bb7 29.Qe6 Bc8  1/2-1/2

[Event "47th Doeberl Cup Premier"]
[Site "Canberra AUS"]
[Date "2009.04.11"]
[Round "6"]
[White "Tindall,B"]
[Black "Sandler,L"]
[Result "0-1"]
[WhiteElo "2207"]
[BlackElo "2332"]

1.d4 Nf6 2.c4 e6 3.Nc3 c5 4.d5 exd5 5.cxd5 d6 6.Nf3 g6 7.Qa4+ Bd7 8.Qb3 Qc7
9.e4 Bg7 10.Bd3 O-O 11.O-O Na6 12.h3 Nb4 13.Be2 Rfe8 14.Nd2 Rab8 15.a3 Na6
16.a4 Nb4 17.Re1 b6 18.Bf1 a6 19.Nf3 b5 20.a5 Bc8 21.Bd2 Bb7 22.g4 h6 23.Bf4 Nd7
24.Bxb5 Bc8 25.Bxd7 Bxd7 26.Qd1 c4 27.Be3 Nd3 28.Bb6 Qc8 29.Nd2 Nxe1 30.Qxe1 h5
31.Qe2 hxg4 32.Nxc4 Be5 33.h4 g3 34.f3 Bf4 35.Be3 Bxe3+ 36.Nxe3 Qd8 37.Ng2 Bh3
38.h5 gxh5 39.Ra3 Qf6 40.Nd1 Bxg2 41.Kxg2 h4 42.Kh3 Rec8 43.Rc3 Rxc3 44.Nxc3 Qd4
45.Nd1 Rb3 46.Nc3 Qf6 47.Qxa6 Rxb2 48.Ne2 Qxf3 49.Kxh4 Rxe2  0-1

[Event "Jack Speigel Mem"]
[Site "Southend ENG"]
[Date "2009.04.11"]
[Round "3"]
[White "Flear,G"]
[Black "Ward,C"]
[Result "0-1"]
[WhiteElo "2485"]
[BlackElo "2422"]

1.d4 Nf6 2.c4 c5 3.d5 e6 4.Nc3 exd5 5.cxd5 d6 6.Nf3 g6 7.Bf4 a6 8.a4 Bg7
9.h3 O-O 10.e3 Nh5 11.Bh2 f5 12.Be2 f4 13.exf4 Nxf4 14.O-O Nd7 15.Qd2 Bh6
16.Qc2 Nf6 17.Rfe1 Bf5 18.Qb3 Qd7 19.Bf1 N6h5 20.Ne4 Rae8 21.Neg5 Bxg5 22.Nxg5 h6
23.Ne6 Bxe6 24.dxe6 Qe7 25.g3 c4 26.Qxc4 d5 27.Qc2 Qg5 28.h4 Qg4 29.f3 Nh3+
30.Bxh3 Qxh3 31.Qxg6+ Ng7 32.Qd3 Rf6 33.Qxd5 Rg6 34.e7+ Kh7 35.Qf7 Rxg3+
36.Bxg3 Qxg3+ 37.Kf1 Qxh4 38.Ra3 Qh1+ 39.Ke2 Qh2+ 40.Kd1 Qxb2 41.Rd3 Rc8  0-1

[Event "ch-MGL"]
[Site "Ulan Bator MGL"]
[Date "2009.04.11"]
[Round "1"]
[White "Tuvsanaa,N"]
[Black "Tserendorj,B"]
[Result "1-0"]
[WhiteElo "2301"]
[BlackElo "2068"]

1.d4 Nf6 2.c4 e6 3.Nf3 c5 4.d5 exd5 5.cxd5 d6 6.Nc3 g6 7.e4 Bg7 8.Bf4 a6
9.a4 O-O 10.h3 Re8 11.Bd3 Nbd7 12.O-O Qe7 13.Re1 Nh5 14.Bh2 Ne5 15.Be2 Nd7
16.Nd2 Nhf6 17.Nc4 Ne5 18.Nxe5 dxe5 19.Qc2 Rd8 20.a5 Bd7 21.Nb1 Ne8 22.Na3 Rac8
23.Nc4 Nd6 24.Nb6 Rc7 25.b4 c4 26.Bf1 Bb5 27.Qc3 Be8 28.Rab1 Bb5 29.Bg3 f5
30.f3 fxe4 31.fxe4 Rf8 32.Rbc1 Be8 33.Bxc4 Qg5 34.h4 Qe7 35.Qb3 g5 36.Bf2 gxh4
37.Bc5 Rf4 38.Qh3 Bf7 39.Bd3 Bf8 40.Be3 Bh6 41.Rxc7 Qxc7 42.Rc1 Qe7 43.Nc8 Nxc8
44.Bxf4 Bxf4 45.Qg4+ Bg5 46.Rxc8+ Kg7 47.d6 Qf6 48.Bc4 Bg6 49.d7 Be3+ 50.Kh1 Qf2
51.Qd1 h3 52.Rg8+ Kh6 53.Rxg6+ hxg6 54.gxh3 Bg5 55.Qf1 Qxf1+ 56.Bxf1 Kg7
57.Bxa6 Kf7 58.Bxb7 Ke7 59.Bc6  1-0

[Event "KFP Cup"]
[Site "Frydek Mistek CZE"]
[Date "2009.04.13"]
[Round "9"]
[White "Zilka,S"]
[Black "Poloch,P"]
[Result "1/2-1/2"]
[WhiteElo "2477"]
[BlackElo "2290"]

1.d4 Nf6 2.c4 e6 3.Nf3 c5 4.d5 exd5 5.cxd5 d6 6.Nc3 g6 7.g3 Bg7 8.Bg2 O-O
9.O-O Re8 10.h3 a6 11.a4 Nbd7 12.Nd2 Rb8 13.a5 b5 14.axb6 Nxb6 15.Re1 Nfd7
16.e4 c4 17.Bf1 Qc7 18.Na4 Nxa4 19.Rxa4 Nb6 20.Ra3 Qc5 21.Bg2 Qb4 22.Ra2 Bd7
23.Rxa6 Ba4  1/2-1/2

[Event "zt 3.5 Men"]
[Site "Beijing CHN"]
[Date "2009.04.18"]
[Round "2"]
[White "Xiu Deshun"]
[Black "Gao Rui"]
[Result "1-0"]
[WhiteElo "2422"]
[BlackElo "2500"]

1.d4 Nf6 2.c4 e6 3.Nc3 c5 4.d5 exd5 5.cxd5 d6 6.Nf3 g6 7.g3 Bg7 8.Bg2 O-O
9.O-O a6 10.a4 Nbd7 11.h3 Rb8 12.Bf4 Qe7 13.Rb1 Nh5 14.Bg5 f6 15.Bd2 f5 16.Re1 Ne5
17.b4 Nxf3+ 18.exf3 Qc7 19.Ne2 b6 20.Qc2 Qf7 21.a5 Bd7 22.axb6 Rxb6 23.bxc5 Rxb1
24.Rxb1 Qxd5 25.cxd6 Rc8 26.Qb3 Qxb3 27.Rxb3 Bf8 28.f4 Nf6 29.Bc3 Ne4 30.Be5 Be6
31.Rb6 Rd8 32.Nd4 Bc4 33.Nc6 Rd7 34.Nb8 Rd8 35.Bxe4 fxe4 36.d7 e3 37.fxe3 Bc5
38.Rc6 Bxe3+ 39.Kh2 Kf7 40.Rxc4  1-0

[Event "7th V.Nabokov Mem"]
[Site "Kyiv UKR"]
[Date "2009.04.18"]
[Round "6"]
[White "Itkis,B"]
[Black "Pavlov,S2"]
[Result "0-1"]
[WhiteElo "2430"]
[BlackElo "2465"]

1.d4 Nf6 2.c4 e6 3.Nf3 c5 4.d5 exd5 5.cxd5 d6 6.Nc3 g6 7.e4 a6 8.h3 b5 9.Bd3 Bg7
10.O-O O-O 11.a3 Re8 12.Re1 Ra7 13.Bf4 Rae7 14.b4 Nh5 15.Bd2 Nd7 16.Rc1 h6
17.Be3 Nhf6 18.Bb1 Bb7 19.Bf4 Nb6 20.Bd3 Rc7 21.bxc5 Rxc5 22.Be3 Rc8 23.Qd2 Kh7
24.Bd4 Nbd7 25.Qb2 Nc5 26.Bb1 Nh5 27.Bxg7 Nxg7 28.Qb4 Qf6 29.Ne2 a5 30.Qxb5 Ba6
31.Qb6 Rb8 32.Qc7 Rbc8 33.Qb6 Rb8 34.Qc7 Rb7 35.Qxa5 Bxe2 36.Rxe2 Nb3 37.Qc3 Nxc1
38.Qxf6 Nxe2+ 39.Kf1 Nc3 40.Bd3 Nxe4 41.Bxe4 Rxe4 42.Nd2 Ne8 43.Qd8 Ree7
44.g4 Rbd7 45.Qb8 Nf6 46.Qa8 Kg7 47.Nc4 Ra7 48.Qb8 Nxd5 49.Nxd6 Nf6 50.h4 Ra5
51.Nb5 Re6 52.g5 hxg5 53.hxg5 Nd7 54.Qb7 Re5 55.Qxd7 Rexb5 56.Qd4+ Kg8 57.Qd8+ Kh7
58.Qe7 Rf5 59.Qb4 Rxg5 60.a4 Ra7 61.Qh4+ Rh5 62.Qd4 Ra8 63.Qd7 Kg8 64.Kg2 Rg5+
65.Kh3 Rh5+ 66.Kg3 Rha5 67.f4 R5a7 68.Qc6 Rxa4 69.Kg4 R4a5 70.f5 gxf5+ 71.Kf4 Ra4+
72.Kg5 f4 73.Kg4 R8a6 74.Qe8+ Kg7 75.Qe5+ Kh7 76.Qf5+ Kg8 77.Qc8+ Kg7 78.Qc3+ Kh7
79.Qc2+ Rg6+ 80.Kf3 Rb4 81.Qf5 Rb7 82.Qe4 Rd7 83.Qe8 Ra7 84.Qe4 Ra3+ 85.Kxf4 Kg7
86.Qe5+ Rf6+ 87.Kg4 Rf3 88.Kg5 Rf1 89.Kg4 Rg1+ 90.Kh4 Rg6 91.Kh3 Kh7 92.Qe4 Rf1
93.Kh2 Rf6 94.Qd3 Rf4 95.Kh3 Kg7 96.Qc3+ Rff6 97.Qe5 Kh7 98.Qe4 Rb6 99.Qd3 Rb8
100.Qd5 Rf8 101.Kh4 Kg7 102.Qd4+ f6 103.Qd7+ Rf7 104.Qe6 Rg5 105.Qe4 Rc7
106.Qd4 Rc1 107.Qe4 Kh6 108.Qa8 Rh1+  0-1

[Event "zt 3.5 Men"]
[Site "Beijing CHN"]
[Date "2009.04.21"]
[Round "5"]
[White "Ding Liren"]
[Black "Gao Rui"]
[Result "0-1"]
[WhiteElo "2458"]
[BlackElo "2500"]

1.d4 Nf6 2.Nf3 e6 3.c4 c5 4.d5 exd5 5.cxd5 d6 6.Nc3 g6 7.Bf4 a6 8.a4 Bg7
9.h3 O-O 10.e3 Qe7 11.Be2 Nbd7 12.O-O Rb8 13.Re1 Ne8 14.e4 Nc7 15.Qd2 b5
16.axb5 Nxb5 17.Nxb5 axb5 18.Ra7 b4 19.Ba6 Bxa6 20.Rxa6 Nb6 21.Qc2 Rfc8 22.b3 c4
23.Be3 cxb3 24.Qxb3 Nd7 25.Ra7 Qe8 26.Bd4 Nc5 27.Qb1 Bxd4 28.Nxd4 Ra8 29.Rxa8 Rxa8
30.Nc6 b3 31.e5 b2 32.Qxb2 Nd3 33.Qc3 Nxe1 34.exd6 h5 35.Ne7+ Kh7 36.Qxe1 Qh8
37.Qe3 Qf6 38.d7 Rd8 39.Nc6 Rxd7 40.Qe4 Qd6 41.Ne5 Ra7 42.Qd4 Rb7 43.g3 Rb4
44.Nxf7 Qxg3+ 45.fxg3 Rxd4 46.Ng5+ Kg8 47.h4 Rxd5 48.Kg2 Kg7 49.Kh3 Kf6 50.Nh7+ Kf5
51.Ng5 Rd3 52.Nf7 Ke4 53.Kg2 Rd2+ 54.Kh3 Rd5 55.Nh8 Rd6 56.Nf7 Ra6 57.Kg2 Ke3
58.Ne5 Re6 59.Nf7 Re7 60.Ng5 Ra7 61.Ne6 Ra2+ 62.Kh3 Kf2 63.Ng5 Re2 64.Kh2 Re3
65.Nh3+ Kf3 66.Nf4 Kg4 67.Nxg6 Re2+ 68.Kg1 Kxg3 69.Kf1 Re6  0-1

[Event "zt 3.5 Men"]
[Site "Beijing CHN"]
[Date "2009.04.26"]
[Round "9"]
[White "Xu Jun"]
[Black "Gao Rui"]
[Result "0-1"]
[WhiteElo "2498"]
[BlackElo "2500"]

1.d4 Nf6 2.c4 c5 3.d5 e6 4.Nc3 exd5 5.cxd5 d6 6.Nf3 g6 7.Nd2 Nbd7 8.e4 Bg7
9.Be2 O-O 10.O-O Re8 11.a4 Ne5 12.Re1 a6 13.Nf1 Rb8 14.Ng3 c4 15.a5 b5 16.axb6 Qxb6
17.Be3 Qc7 18.Na4 h5 19.f3 h4 20.Nh1 h3 21.Nf2 Rb3 22.Bd4 hxg2 23.Rc1 Rb4
24.Be3 Rb8 25.f4 Ned7 26.Bf3 Bb7 27.Bd4 Qa5 28.Re2 Rbc8 29.Nc3 Nc5 30.e5 Nfd7
31.Ra1 Qd8 32.e6 fxe6 33.Bxg7 Kxg7 34.dxe6 Bxf3 35.exd7 Qxd7 36.Qd4+ Kh7
37.Nd5 Bxd5 38.Rxe8 Rxe8 39.Qxd5 Qe6 40.Qg5 Qe3 41.Qh4+ Kg7 42.f5 gxf5 43.Qxc4 Ne4  0-1

[Event "11th Dubai Open"]
[Site "Dubai UAE"]
[Date "2009.04.30"]
[Round "5"]
[White "Jankovic,A"]
[Black "Pantsulaia,L"]
[Result "1/2-1/2"]
[WhiteElo "2540"]
[BlackElo "2581"]

1.d4 Nf6 2.c4 e6 3.Nf3 c5 4.d5 exd5 5.cxd5 d6 6.Nc3 g6 7.Nd2 Nbd7 8.e4 a6
9.a4 Qe7 10.Be2 Bg7 11.O-O O-O 12.f4 Rb8 13.Kh1 Re8 14.Bd3 Nh5 15.Nc4 Qf8
16.a5 Bd4 17.Qf3 Ng7 18.Ne2 f5 19.exf5 gxf5 20.Nxd4 cxd4 21.b4 b5 22.axb6 Nxb6
23.Na5 Qf7 24.Bd2 Nxd5 25.Nc6 Rb6 26.Bc4 Be6 27.Nxd4 Nxb4 28.Nxe6 Nxe6 29.Bxb4 Rxb4
30.Qd3 Rxc4 31.Qxc4 Nc5 32.Qc3 Re6 33.Rab1 Qf6 34.Rb8+ Kf7 35.Qf3 a5 36.Qa8 Qe7
37.Qxa5 Re2 38.Qa8 Re6 39.Qd5 Qf6 40.Rc8 Ne4 41.Qb7+ Re7 42.Rc7 Rxc7 43.Qxc7+ Kg6
44.Qc2 Qd4 45.Qe2 h5 46.g3 Qd5 47.Qf3 Qd2 48.Qg2 Qd5 49.Qf3 Qd2 50.h3 Qb2
51.Qg2 Qc3 52.Kh2 Qe3 53.Rf3 Qe1 54.Rd3 Qc1 55.Qa2 h4 56.gxh4 Qxf4+ 57.Kg2 Kf6
58.Qb2+ Ke6 59.Qa2+ Kf6 60.Qb2+ Ke6 61.Rf3 Qxh4 62.Qg7 Qh5 63.Qg8+ Ke5 64.Qg7+ Ke6
65.Qg8+ Ke5 66.Qg7+  1/2-1/2

[Event "84th ch-ARG Semifinal"]
[Site "La Plata ARG"]
[Date "2009.05.04"]
[Round "7"]
[White "Lafuente,P"]
[Black "Perez Ponsa,F"]
[Result "1-0"]
[WhiteElo "2524"]
[BlackElo "2390"]

1.d4 Nf6 2.c4 c5 3.d5 e6 4.Nc3 exd5 5.cxd5 d6 6.Nf3 g6 7.Nd2 Nbd7 8.e4 Bg7
9.Be2 O-O 10.O-O Re8 11.a4 Ne5 12.Re1 g5 13.Qc2 h6 14.Nf1 Ng6 15.Ng3 a6 16.Bd2 Rb8
17.Nd1 b5 18.axb5 axb5 19.Ne3 b4 20.Bf1 Nh4 21.Ba6 Bd7 22.Be2 Ra8 23.Nc4 Qc7
24.Rxa8 Rxa8 25.f4 Ng4 26.Bxg4 Bxg4 27.fxg5 Bd4+ 28.Kh1 hxg5 29.Be3 Qe7 30.Bxd4 cxd4
31.Qd3 f5 32.h3 fxe4 33.Nxe4 Bf5 34.Qxd4 Bxe4 35.Rxe4 Qh7 36.Qe3 Kh8 37.Nxd6  1-0

[Event "2nd Mayors Cup"]
[Site "Mumbai IND"]
[Date "2009.05.04"]
[Round "5"]
[White "Miroshnichenko,E"]
[Black "Prathamesh,S"]
[Result "1-0"]
[WhiteElo "2680"]
[BlackElo "2407"]

1.d4 Nf6 2.c4 e6 3.Nf3 c5 4.d5 exd5 5.cxd5 d6 6.Nc3 g6 7.Bf4 a6 8.e4 Bg7
9.Qa4+ Kf8 10.Bd3 Bg4 11.Nd2 Nh5 12.Be3 Nd7 13.h3 Ne5 14.Qc2 Nxd3+ 15.Qxd3 Bd7
16.g4 Nf6 17.f4 Qe7 18.O-O-O Rc8 19.e5 dxe5 20.fxe5 Qxe5 21.Nc4 Qc7 22.d6 Qd8
23.Rhf1 Be6 24.Ne5 Nd7 25.Nxf7 Bxf7 26.Rxf7+ Kxf7 27.Qd5+ Kf8 28.Rf1+ Nf6
29.Ne4 h6 30.d7 Rc6 31.g5 hxg5 32.Nxg5  1-0

[Event "Moscow Region Spring GM"]
[Site "Serpukhov RUS"]
[Date "2009.05.05"]
[Round "8"]
[White "Bagrationi,A"]
[Black "Potapov,Alexa1"]
[Result "1/2-1/2"]
[WhiteElo "2370"]
[BlackElo "2459"]

1.d4 Nf6 2.Nf3 c5 3.d5 e6 4.c4 exd5 5.cxd5 d6 6.Nc3 g6 7.e4 Bg7 8.Bd3 O-O
9.h3 a6 10.a4 b6 11.O-O Ra7 12.Bf4 Re7 13.Re1 Bb7 14.Rb1 Rfe8 15.Qd2 c4 16.Bxc4 Nxe4
17.Nxe4 Rxe4 18.Rxe4 Rxe4 19.b3 Qf6 20.Be3 Nd7 21.Qd3 Qf5 22.Rc1 Nc5 23.Qd1 Re8
24.b4 Ne4 25.Qd3 a5 26.Bb5 Rf8 27.bxa5 bxa5 28.Bc6 Bc8 29.Bb6 Nc3 30.Qxf5 Bxf5
31.Kh2 Rc8 32.Re1 Bc2 33.Bxa5 Nxa4 34.Re7 Nb2 35.Bb4 Nd3 36.Ba3  1/2-1/2

[Event "III Open"]
[Site "La Laguna ESP"]
[Date "2009.05.06"]
[Round "3"]
[White "Cori T.,D"]
[Black "Vera Gonzalez Quevedo,R"]
[Result "0-1"]
[WhiteElo "2262"]
[BlackElo "2479"]

1.d4 Nf6 2.Nf3 e6 3.c4 c5 4.d5 exd5 5.cxd5 d6 6.Nc3 g6 7.e4 a6 8.a4 Bg4 9.Be2 Bxf3
10.Bxf3 Nbd7 11.Be2 Bg7 12.O-O O-O 13.Be3 Re8 14.Qc2 Qe7 15.f3 Nh5 16.Qd2 f5
17.Rae1 fxe4 18.Nxe4 Nhf6 19.Bd3 Nxe4 20.Bxe4 b5 21.b3 Nf6 22.Bf2 Qd7 23.Bc2 Rab8
24.Rxe8+ Rxe8 25.Re1 Rxe1+ 26.Qxe1 Nxd5 27.Qd2 Nb4 28.Bxc5 Nxc2 29.Qd5+ Qf7
30.Qa8+ Qf8 31.Qd5+ Kh8 32.Bxd6 Qd8 33.Qc6 Nd4 34.Qxa6 Nf5 35.Bc5 Qd1+ 36.Kf2 Qc2+  0-1

[Event "III Open"]
[Site "La Laguna ESP"]
[Date "2009.05.06"]
[Round "3"]
[White "Lasinskas,P"]
[Black "Navarro Molina,D"]
[Result "1-0"]
[WhiteElo "2242"]
[BlackElo "1821"]

1.d4 Nf6 2.c4 e6 3.Nf3 c5 4.d5 exd5 5.cxd5 d6 6.Nc3 g6 7.e4 a6 8.a4 Bg4 9.Bd3 Bg7
10.h3 Bxf3 11.Qxf3 O-O 12.O-O Nbd7 13.Bc2 Qe7 14.Bg5 h6 15.Bh4 Rae8 16.Rae1 Ne5
17.Qe2 g5 18.Bg3 Ng6 19.e5 Nxe5 20.f4 gxf4 21.Bxf4 Qd7 22.Qd2 Nc4 23.Qc1 Rxe1
24.Rxe1 Nh7 25.Bxh6 f5 26.Re6 Rf6 27.Rxf6 Bxf6 28.Qf4 Bd4+ 29.Kh1 Ne3 30.Qg3+ Kh8
31.Bxe3  1-0

[Event "18th CRO-Cup"]
[Site "Sibenik CRO"]
[Date "2009.05.23"]
[Round "4"]
[White "Hamer,I"]
[Black "Katavic,B"]
[Result "1/2-1/2"]
[WhiteElo "2050"]
[BlackElo "2188"]

1.d4 Nf6 2.c4 c5 3.d5 e6 4.Nc3 exd5 5.cxd5 d6 6.Nf3 g6 7.Nd2 a6 8.a4 Nbd7
9.e4 Bg7 10.Bd3 O-O 11.O-O Ne5 12.Bc2 g5 13.Qe2 Bg4 14.f3 Bd7 15.Nc4 Nxc4
16.Qxc4 Nh5 17.Ne2 Be5 18.g3 Bh3 19.Rf2 Qf6 20.Ra3 Kh8 21.a5 Bxb2 22.Bxb2 Qxb2
23.Qb3 Qxb3 24.Rxb3 Rab8 25.g4 Nf4 26.Ng3 h5 27.Nxh5 Nxh5 28.gxh5 c4 29.Rb6 Rfc8
30.Rxd6 Rc5 31.e5 Rxa5 32.Re2 Re8 33.h6 Ra1+ 34.Kf2 Bf1 35.Re3 Bd3 36.e6 fxe6
37.Bxd3 cxd3 38.dxe6 Ra2+ 39.Kg3 Re2 40.Rxe2 dxe2 41.Kf2 Kh7 42.Kxe2 Kxh6
43.Kd3 Kg6 44.Rd7 Rxe6 45.Rxb7 Kf5 46.Ra7 Ke5 47.Rh7 Kd5 48.h4 gxh4 49.Rxh4  1/2-1/2

[Event "Doroshkevicha Mem"]
[Site "Belorechensk RUS"]
[Date "2009.05.31"]
[Round "9"]
[White "Turov,M"]
[Black "Gabrielian,A"]
[Result "1-0"]
[WhiteElo "2582"]
[BlackElo "2462"]

1.d4 Nf6 2.c4 c5 3.d5 e6 4.Nc3 exd5 5.cxd5 d6 6.Nf3 g6 7.Qa4+ Nbd7 8.Bf4 Be7
9.e4 O-O 10.Qc2 a6 11.a4 Re8 12.Be2 Ng4 13.O-O Nde5 14.Nxe5 Nxe5 15.Rab1 Bf6
16.b4 cxb4 17.Rxb4 Bg7 18.Qd2 f5 19.Be3 Qf6 20.Rc1 Qf7 21.a5 Nd7 22.exf5 gxf5
23.Na4 Nf6 24.Nb6 Rb8 25.Bf4 Qe7 26.Bd3 Bd7 27.h3 Kh8 28.Rc7 Qd8 29.Qc1 Re1+
30.Qxe1 Qxc7 31.Rc4 Qd8 32.Bxd6 Bb5 33.Bxb8 Bxc4 34.Nxc4 Qxb8 35.Qe6  1-0